| 000 | 00632nam a2200241Ia 4500 | ||
|---|---|---|---|
| 003 | OSt | ||
| 005 | 20220918203127.0 | ||
| 006 | a|||||r|||| 00| 0 | ||
| 007 | ta | ||
| 008 | 220917b |||||||| |||| 00| 0 eng d | ||
| 024 | _a106,228 | ||
| 037 | _cTextual | ||
| 040 |
_aARTS _cARTS _beng |
||
| 041 |
_2eng _aeng |
||
| 082 | _aV3:5.N, N4 | ||
| 100 |
_aBlackburn Robert ed _9106960 |
||
| 245 | 0 | _aRights of citizenship | |
| 260 |
_aLondon _bMansell _c1993 |
||
| 490 | _aCitizenship and the law series | ||
| 650 | _aHISTORY | ||
| 942 |
_hV3:5.N, N4 _cTEXL _2CC |
||
| 999 |
_c229586 _d229586 |
||